000 00440nam a2200169 i 4500
001 bg
100 1 _aWIĘCKOWSKI, Jerzy
245 0 _aAnaliza ekonomiczna w przedsiębiorstwie przemysłowym /
_cJerzy Więckowski.
250 _aWyd. 5 zm.
260 _aWarszawa,
_c1980.
650 9 _aPrzedsiębiorstwo
_xfinanse
040 _cBPK
041 _apol
080 _a658.14/.17
942 _cKS
008 s pl f |000 0 pol
999 _c19721
_d19721
856 _uhttp://koha.tu.koszalin.pl/cgi-bin/koha/opac-detail.pl?biblionumber=19721
_yKatalog online BPK